|
|
|
|
| LEADER |
00000nam a2200000 a 4500 |
| 001 |
UCL3852 |
| 003 |
CL-VaPUC |
| 008 |
031212e20030000CL |||||||||||||||||spa|d |
| 082 |
0 |
4 |
|a 379.983
|b MIN
|2 21
|
| 110 |
2 |
|
|a Ministerio de Educación
|e author
|9 481280
|
| 710 |
2 |
|
|a Comisión de Transversalidad
|e author
|9 481281
|
| 245 |
1 |
0 |
|a Criterios para una política de transversalidad
|
| 250 |
|
|
|a 2a. ed
|
| 300 |
|
|
|a 59 p
|
| 942 |
|
|
|c BK
|
| 945 |
|
|
|d 20031212 00:00:00
|a cmena
|
| 260 |
|
|
|a Santiago
|b Mineduc
|c 2003
|
| 650 |
|
0 |
|a Estado y educación
|9 311264
|
| 650 |
|
0 |
|a Planificación del currículo
|9 269599
|
| 650 |
|
7 |
|a REFORMA EDUCACIONAL CHILENA
|2 CL-VaPUC
|9 463364
|
| 583 |
|
|
|a last modification
|c 20031212 00:00:00
|k Rodrigo Vera
|
| 999 |
|
|
|c 306850
|d 306848
|
| 952 |
|
|
|0 0
|1 0
|4 0
|6 379_983000000000000_MIN_2003
|7 0
|8 A
|9 372249
|a BIBEDU
|b BIBEDU
|d 2019-11-21
|i 3966585
|o 379.983 MIN 2003
|p 3966585
|r 2019-11-21
|w 2019-11-21
|y BK
|k EPE
|
| 952 |
|
|
|0 0
|1 0
|4 0
|6 379_983000000000000_MIN_2003
|7 0
|8 A
|9 372250
|a BIBEDU
|b BIBEDU
|d 2019-11-21
|i 4060539
|o 379.983 MIN 2003
|p 4060539
|r 2019-11-21
|w 2019-11-21
|y BK
|k EPE
|
| 952 |
|
|
|0 0
|1 0
|4 0
|6 379_983000000000000_MIN_2003
|7 0
|8 A
|9 372251
|a BIBEDU
|b BIBEDU
|d 2019-11-21
|i 4092805
|o 379.983 MIN 2003
|p 4092805
|r 2019-11-21
|w 2019-11-21
|y BK
|k EBA
|
| 952 |
|
|
|0 0
|1 0
|4 0
|6 379_983000000000000_MIN_2003
|7 0
|8 A
|9 372252
|a BIBEDU
|b BIBEDU
|d 2019-11-21
|i 4092813
|o 379.983 MIN 2003
|p 4092813
|r 2019-11-21
|w 2019-11-21
|y BK
|k EBA
|
| 952 |
|
|
|0 0
|1 0
|4 0
|6 379_983000000000000_MIN_2003
|7 0
|8 A
|9 372253
|a BIBEDU
|b BIBEDU
|d 2019-11-21
|i 4299183
|o 379.983 MIN 2003
|p 4299183
|r 2019-11-21
|w 2019-11-21
|y BK
|k EBA
|
| 952 |
|
|
|0 0
|1 0
|4 0
|6 379_983000000000000_MIN_2003
|7 0
|8 A
|9 372254
|a BIBEDU
|b BIBEDU
|d 2019-11-21
|i 4299191
|o 379.983 MIN 2003
|p 4299191
|r 2019-11-21
|w 2019-11-21
|y BK
|k EBA
|
| 952 |
|
|
|0 0
|1 0
|4 0
|6 379_983000000000000_MIN_2003
|7 0
|8 A
|9 372255
|a BIBEDU
|b BIBEDU
|d 2019-11-21
|i 4299205
|o 379.983 MIN 2003
|p 4299205
|r 2019-11-21
|w 2019-11-21
|y BK
|k EBA
|
| 952 |
|
|
|0 0
|1 0
|4 0
|6 379_983000000000000_MIN_2003
|7 0
|8 A
|9 372256
|a BIBEDU
|b BIBEDU
|d 2019-11-21
|i 4299213
|o 379.983 MIN 2003
|p 4299213
|r 2019-11-21
|w 2019-11-21
|y BK
|k EBA
|
| 952 |
|
|
|0 0
|1 0
|4 0
|6 379_983000000000000_MIN_2003
|7 0
|8 A
|9 372257
|a BIBEDU
|b BIBEDU
|d 2019-11-21
|i 4608623
|o 379.983 MIN 2003
|p 4608623
|r 2019-11-21
|w 2019-11-21
|y BK
|k EPE
|